<?xml version="1.0" encoding="UTF-8"?>
<record
    xmlns:xsi="http://www.w3.org/2001/XMLSchema-instance"
    xsi:schemaLocation="http://www.loc.gov/MARC21/slim http://www.loc.gov/standards/marcxml/schema/MARC21slim.xsd"
    xmlns="http://www.loc.gov/MARC21/slim">

  <leader>01108nam a22002777a 4500</leader>
  <controlfield tag="003">dpl</controlfield>
  <controlfield tag="005">20180818122834.0</controlfield>
  <controlfield tag="008">180818b        xxu||||| |||| 00| 0 eng d</controlfield>
  <datafield tag="010" ind1=" " ind2=" ">
    <subfield code="a">A-982179</subfield>
  </datafield>
  <datafield tag="020" ind1=" " ind2=" ">
    <subfield code="c">350.00</subfield>
    <subfield code="a">8173152861</subfield>
  </datafield>
  <datafield tag="035" ind1=" " ind2=" ">
    <subfield code="a">A-982179, A-982184</subfield>
  </datafield>
  <datafield tag="037" ind1=" " ind2=" ">
    <subfield code="b">Cen Lib/Ret</subfield>
  </datafield>
  <datafield tag="040" ind1=" " ind2=" ">
    <subfield code="a">DPL</subfield>
    <subfield code="b">HN</subfield>
    <subfield code="c">0</subfield>
  </datafield>
  <datafield tag="082" ind1=" " ind2=" ">
    <subfield code="a">&#x909; </subfield>
    <subfield code="b">&#x92D;&#x91F;&#x928;&#x93E;</subfield>
  </datafield>
  <datafield tag="100" ind1=" " ind2=" ">
    <subfield code="a">&#x92D;&#x91F;&#x928;&#x93E;&#x917;&#x930;, &#x930;&#x93E;&#x91C;&#x947;&#x902;&#x926;&#x94D;&#x930; &#x92E;&#x94B;&#x939;&#x928; </subfield>
    <subfield code="9">44709</subfield>
  </datafield>
  <datafield tag="245" ind1=" " ind2=" ">
    <subfield code="a">&#x928; &#x917;&#x94B;&#x92A;&#x940; &#x928; &#x930;&#x93E;&#x927;&#x93E; /</subfield>
    <subfield code="c">&#x930;&#x93E;&#x91C;&#x947;&#x902;&#x926;&#x94D;&#x930; &#x92E;&#x94B;&#x939;&#x928; &#x92D;&#x91F;&#x928;&#x93E;&#x917;&#x930;</subfield>
  </datafield>
  <datafield tag="246" ind1=" " ind2=" ">
    <subfield code="a">Na gopi na radha /</subfield>
    <subfield code="b">by Rajendra Mohan Bhatnagar </subfield>
  </datafield>
  <datafield tag="260" ind1=" " ind2=" ">
    <subfield code="a">&#x928;&#x908; &#x926;&#x93F;&#x932;&#x94D;&#x932;&#x940; </subfield>
    <subfield code="b">&#x92A;&#x94D;&#x930;&#x92D;&#x93E;&#x924; &#x92A;&#x94D;&#x930;&#x915;&#x93E;&#x936;&#x928; </subfield>
    <subfield code="c">1999</subfield>
  </datafield>
  <datafield tag="270" ind1=" " ind2=" ">
    <subfield code="b">&#x928;&#x908; &#x926;&#x93F;&#x932;&#x94D;&#x932;&#x940; </subfield>
    <subfield code="a">4/19, &#x906;&#x938;&#x92B; &#x905;&#x932;&#x940; &#x930;&#x94B;&#x921;  </subfield>
    <subfield code="e">110002</subfield>
  </datafield>
  <datafield tag="300" ind1=" " ind2=" ">
    <subfield code="a">467&#x92A;&#x943;.</subfield>
    <subfield code="c">20&#x938;&#x947;&#x92E;&#x940;(&#x938;&#x91C;&#x93F;&#x932;&#x94D;&#x926;)</subfield>
  </datafield>
  <datafield tag="650" ind1=" " ind2=" ">
    <subfield code="a">&#x939;&#x93F;&#x928;&#x94D;&#x926;&#x940; -- &#x938;&#x93E;&#x939;&#x93F;&#x924;&#x94D;&#x92F; </subfield>
    <subfield code="9">100370</subfield>
  </datafield>
  <datafield tag="650" ind1=" " ind2=" ">
    <subfield code="a">&#x939;&#x93F;&#x928;&#x94D;&#x926;&#x940; -- &#x909;&#x92A;&#x928;&#x94D;&#x92F;&#x93E;&#x938; </subfield>
    <subfield code="9">100371</subfield>
  </datafield>
  <datafield tag="650" ind1=" " ind2=" ">
    <subfield code="a">Hindi literature</subfield>
    <subfield code="9">100372</subfield>
  </datafield>
  <datafield tag="650" ind1=" " ind2=" ">
    <subfield code="a">Hindi - Novel</subfield>
    <subfield code="9">100373</subfield>
  </datafield>
  <datafield tag="942" ind1=" " ind2=" ">
    <subfield code="2">ddc</subfield>
    <subfield code="c">HN</subfield>
    <subfield code="h">&#x909; </subfield>
    <subfield code="m">&#x92D;&#x91F;&#x928;&#x93E;</subfield>
  </datafield>
  <datafield tag="999" ind1=" " ind2=" ">
    <subfield code="c">121702</subfield>
    <subfield code="d">121702</subfield>
  </datafield>
  <datafield tag="952" ind1=" " ind2=" ">
    <subfield code="0">0</subfield>
    <subfield code="1">0</subfield>
    <subfield code="4">0</subfield>
    <subfield code="7">0</subfield>
    <subfield code="a">L</subfield>
    <subfield code="b">L</subfield>
    <subfield code="d">2015-10-12</subfield>
    <subfield code="e">Cen Lib/Ret</subfield>
    <subfield code="g">350.00</subfield>
    <subfield code="l">2</subfield>
    <subfield code="o">&#x909;  &#x92D;&#x91F;&#x928;&#x93E;</subfield>
    <subfield code="p">A-982179</subfield>
    <subfield code="r">2023-12-02 00:00:00</subfield>
    <subfield code="s">2023-11-25</subfield>
    <subfield code="t">1</subfield>
    <subfield code="v">350.00</subfield>
    <subfield code="w">2015-10-12</subfield>
    <subfield code="y">HN</subfield>
  </datafield>
  <datafield tag="952" ind1=" " ind2=" ">
    <subfield code="0">0</subfield>
    <subfield code="1">0</subfield>
    <subfield code="2">ddc</subfield>
    <subfield code="4">0</subfield>
    <subfield code="7">0</subfield>
    <subfield code="8">FIC</subfield>
    <subfield code="a">BL1</subfield>
    <subfield code="b">BL1</subfield>
    <subfield code="d">2018-08-18</subfield>
    <subfield code="e">BPPD/PUB</subfield>
    <subfield code="g">350.00</subfield>
    <subfield code="l">2</subfield>
    <subfield code="o">&#x909;  &#x92D;&#x91F;&#x928;&#x93E;</subfield>
    <subfield code="p">A-982184</subfield>
    <subfield code="q">2026-05-09</subfield>
    <subfield code="r">2026-04-27 13:37:51</subfield>
    <subfield code="s">2026-04-27</subfield>
    <subfield code="v">350.00</subfield>
    <subfield code="w">2018-08-18</subfield>
    <subfield code="y">HN</subfield>
  </datafield>
</record>
